|
|
|
|
| LEADER |
00000cam a2200000 a 4500 |
| 001 |
vtls001108398 |
| 003 |
SK-MaSNL |
| 005 |
20260301193915.0 |
| 008 |
240315s1980 xo ao p 00000 slo |
| 015 |
|
|
|a SNBA1980
|
| 035 |
|
|
|a SNK000051240
|
| 040 |
|
|
|a SNK
|b slo
|c SNK
|e AACR2
|
| 041 |
0 |
|
|a slo
|
| 044 |
|
|
|a xo
|c SK
|
| 080 |
|
|
|a 66.0(075.8)
|2 1981
|
| 080 |
|
|
|a 664(075.8)
|2 1981
|
| 080 |
|
|
|a 674/678(075.8)
|2 1981
|
| 080 |
|
|
|a 69(075.8)
|2 1981
|
| 100 |
1 |
|
|a Pavlíková, Eva
|4 aut
|9 307712
|
| 245 |
1 |
0 |
|a Technológia 2
|b technológia chemického priemyslu : technológia potravinárskeho priemyslu : technológia spotrebného priemyslu : technológia pozemných stavieb
|c Eva Pavlíková, Štefánia Piknová
|
| 250 |
|
|
|a 1. vyd.
|
| 260 |
|
|
|a Bratislava
|b Vysoká škola ekonomická
|c 1980
|
| 300 |
|
|
|a 223 s.
|b fotogr., sch., tab.
|c 29 cm
|
| 490 |
1 |
|
|a Vysokoškolské skriptá
|
| 504 |
|
|
|a Bibliogr.
|
| 650 |
0 |
7 |
|a chemická technológia
|2 SNKPH
|9 65015
|
| 650 |
0 |
7 |
|a potravinárska technológia
|2 SNKPH
|9 1725
|
| 650 |
0 |
7 |
|a stavebné technológie
|2 SNKPH
|9 66818
|
| 650 |
0 |
7 |
|a spotrebný tovar
|2 SNKPH
|9 3633
|
| 655 |
|
7 |
|a učebnice vysokých škôl
|2 SNKPH
|9 70191
|
| 700 |
1 |
|
|a Piknová, Štefánia
|4 aut
|9 241531
|
| 830 |
|
0 |
|a Vysokoškolské skriptá
|9 276440
|
| 958 |
|
|
|a OND
|
| 958 |
|
|
|a NB
|
| 999 |
|
|
|c 879639
|d 881569
|
| 952 |
|
|
|t P60, <04>, [BOOK], {604}
|a SNK
|b SNK
|y VYP
|7 0
|p 17A0196076
|o snkSB 28946/2 D1
|i snkKSP 3058/80
|0 0
|1 0
|4 0
|d 1999-06-05
|l 0
|r 2004-12-31 00:00:00
|w 2026-02-24
|
| 952 |
|
|
|a SNK
|b SNK
|y PREZ
|7 0
|p 17A0972648
|o snkSB 28946/2
|i snkKSP 3057/80
|0 0
|1 0
|4 0
|d 2012-07-30
|f 1
|l 0
|r 2025-04-03 00:00:00
|w 2026-02-24
|